000
00217 a2200109 4500
020
_a
9789582426095
041
_a
spa
100
_a
Santillana
245
_a
Los caminos del saber lenguje 4
942
_c
BK
952
_7
1
999
_c
21471
_d
21471